000 01098nam a2200241Ia 4500
003 Ost
005 20260507075538.0
008 260507s9999||||xx |||||||||||||| ||und||
020 _a9773503405
040 _cfsecg
041 _aara
082 _a330.15
100 _aطلعت، ابراهيم
_eمؤلف
245 0 _aالوسيط في علم الاقتصاد :
_bاقتصاد السوق و أثره عى النظرية الاقتصادية /
_c ابراهيم طلعت
260 _aالجزائر:
_bدار الكتاب الحديث,
_c2009
300 _a620 صفحة؛
_bإيضاحات ؛
_c24 سم
504 _aبيبليوغرافيا: ص.607
520 _aيضم باب تحليل السوق، سلوك وحدة الإستهلاك في إطار قواعد السوق الحر، وحدة الإنتاج ، أهداف الربحية وسلوك المنشأة ، التحليل الإقتصادي لأسواق مدخلات الإنتاج
653 _aالإقتصاد
653 _aالإقتصاد التحليلي
653 _aالإقتصاد- نظريات
942 _cكتاب
999 _c44852
_d44852